5HLuxD.jpg

KING HENRY VIII SENIOR AND PRIMARY SCHOOL LIBRARY OPAC

Dog Man / (Record no. 3967)

000 -LEADER
fixed length control field 01323nam a22002297a 4500
005 - DATE AND TIME OF LATEST TRANSACTION
control field 20241127092130.0
008 - FIXED-LENGTH DATA ELEMENTS--GENERAL INFORMATION
fixed length control field 241127b ||||| |||| 00| 0 eng d
020 ## - INTERNATIONAL STANDARD BOOK NUMBER
International Standard Book Number 9781407140391
040 ## - CATALOGING SOURCE
Transcribing agency KH8
082 ## - DEWEY DECIMAL CLASSIFICATION NUMBER
Classification number 741.5 PIL
100 ## - MAIN ENTRY--PERSONAL NAME
Personal name Pilkey, Dav
Relator term author
245 ## - TITLE STATEMENT
Title Dog Man /
Statement of responsibility, etc. Dav Pilkey
260 ## - PUBLICATION, DISTRIBUTION, ETC.
Place of publication, distribution, etc. London,
Name of publisher, distributor, etc. Scholastic,
Date of publication, distribution, etc. 2017
300 ## - PHYSICAL DESCRIPTION
Extent 231 pages :
Other physical details chiefly colour illustrations ;
Dimensions 21 cm.
500 ## - GENERAL NOTE
General note Children's stories Comic books, strips, etc
520 ## - SUMMARY, ETC.
Summary, etc. George and Harold (the co-stars of the popular 'Captain Underpants' series) are in big trouble again! Their mean principal, Mr Krupp, has had it with their comic books. But the boys aren't giving up, and they decide to create an all-new epic novel about a subject they've never tackled before! Dr Dilbert Dinkle started his career as an ordinary, everyday evil genius/inventor/bank robber. But when he awakens one day transformed into a walking, talking puddle of pee, he vows to destroy every toilet in town. Will the devious Dr Dinkle and his conniving cat, Petey, ruin restrooms for the rest of us? Or could this be a job for the death-defying, dynamic duo of Super Diaper Baby and Diaper Dog?
521 ## - TARGET AUDIENCE NOTE
Target audience note Junior primary school age.
650 ## - SUBJECT ADDED ENTRY--TOPICAL TERM
Topical term or geographic name entry element Dogs
650 ## - SUBJECT ADDED ENTRY--TOPICAL TERM
Topical term or geographic name entry element Fiction 7+
650 ## - SUBJECT ADDED ENTRY--TOPICAL TERM
Topical term or geographic name entry element Graphic Novels
942 ## - ADDED ENTRY ELEMENTS (KOHA)
Source of classification or shelving scheme
Koha item type Books - Non Ficton
Holdings
Withdrawn status Lost status Source of classification or shelving scheme Damaged status Not for loan Collection code Permanent Location Current Location Shelving location Date acquired Total Checkouts Total Renewals Full call number Barcode Date last seen Date last checked out Price effective from Koha item type
          Non-Fiction KH8 Primary School Library KH8 Primary School Library Non Fiction 2024-11-27 16 1 741.5 PIL KHPL000004667 2026-04-13 2026-04-07 2024-11-27 Books - Non Ficton

Powered By KH8 IT Dept